|
|
|
|
| LEADER |
00000nam0a2200000 4500 |
| 001 |
93907 |
| 005 |
20231031105431.0 |
| 035 |
|
|
|a (RuTPU)RU\TPU\book\100598
|
| 090 |
|
|
|a 93907
|
| 100 |
|
|
|a 20060404d1966 km y0rusy50 ca
|
| 101 |
0 |
|
|a rus
|
| 102 |
|
|
|a RU
|
| 105 |
|
|
|a a z 001zy
|
| 200 |
1 |
|
|a Ионизирующие излучения и кабельная техника
|f Э. Э. Финкель, В. Ф. Сучков
|
| 210 |
|
|
|a Москва
|c ВНИИЭМ
|d 1966
|
| 215 |
|
|
|a 200 с.
|c ил.
|
| 320 |
|
|
|a Библиогр.: с. 191-198.
|
| 610 |
1 |
|
|a кабельная техника
|
| 610 |
1 |
|
|a ионизирующие излучения
|
| 610 |
1 |
|
|a терминология
|
| 610 |
1 |
|
|a эксплуатация
|
| 610 |
1 |
|
|a применение
|
| 610 |
1 |
|
|a ионизирующие излучения
|
| 610 |
1 |
|
|a действие
|
| 675 |
|
|
|a 621.315.2
|v 3
|
| 700 |
|
1 |
|a Финкель
|b Э. Э.
|g Эдуард Эммануилович
|
| 701 |
|
1 |
|a Сучков
|b В. Ф.
|g Владимир Федорович
|
| 801 |
|
1 |
|a RU
|b 63413507
|c 20060404
|g PSBO
|
| 801 |
|
2 |
|a RU
|b 63413507
|c 20190530
|g PSBO
|
| 942 |
|
|
|c BK
|